000 00675nam a2200289Ia 4500
005 20260324135949.0
008 008 260324s9999 xx 000 0 eng d
020 _a9781410602992
037 _aEBOOK
040 _aCRL
040 _beng
040 _cCRL
041 _2eng
041 _aeng
084 _qCRL
100 _aSimon Locke
_91172568
245 0 _aConstructing the Beginning
245 0 _bDiscourses of Creation Science
260 _bTaylor and Francis
260 _c1999
365 _a
365 _b65.99
856 _uhttp://www.taylorfrancis.com/books/9781410602992
942 _cEBOOK
999 _c1804178
_d1804178